| 000 | 00871nas a2200277 4500 | ||
|---|---|---|---|
| 001 | 1726 | ||
| 003 | ES-MaACL | ||
| 005 | 20250724062548.0 | ||
| 007 | t| | ||
| 008 | 950801d18741887sp e|y e | ||pa d | ||
| 080 | _a(460) | ||
| 080 | _a008 | ||
| 080 | _a(054) | ||
| 245 | 0 | 3 |
_aLa Raza latina _b: periódico internacional : se publica en Madrid dos veces al mes en francés, italiano, portugués y español. |
| 246 | 3 | _aLa Raza latina (Madrid. 1874) | |
| 260 |
_aMadrid : _b[s.n.], _c[1874]- ( _fImp. de Juan Aguado) |
||
| 300 |
_av. ; _c38 cm. |
||
| 310 | _aBimensual | ||
| 362 | 1 | _aAño 1, n. 1 (15 en. 1874)-[1887] | |
| 594 | _aDirector, Juan Valero de Tornos. | ||
| 650 | 7 |
_aCultura _2embne _9170963 |
|
| 700 | 1 |
_aValero de Tornos, Juan. _9112667 |
|
| 852 |
_aES-MaACL _jR-2547-49 _x Olim: G-1922-4 |
||
| 866 | 0 | _o1875-1877. | |
| 999 |
_c1726 _d1726 |
||